Najlepiej punktujący zawodnicy Unii Leszno - Statystyki

Ogólne statystyki
  • Ten quiz został rozwiązany 75 razy
  • Średni wynik to 29 z 44
Statystyki odpowiedzi
Sezon Imię i nazwisko % Poprawnych
2022 Janusz Kołodziej
100%
2023 Janusz Kołodziej
100%
2016 Grzegorz Zengota
92%
2024 Grzegorz Zengota
92%
2012 Przemysław Pawlicki
79%
1999 Leigh Adams
74%
2000 Leigh Adams
74%
2001 Leigh Adams
74%
2004 Leigh Adams
74%
2005 Leigh Adams
74%
2006 Leigh Adams
74%
2007 Leigh Adams
74%
2009 Leigh Adams
74%
1981 Roman Jankowski
74%
1982 Roman Jankowski
74%
1984 Roman Jankowski
74%
1985 Roman Jankowski
74%
1986 Roman Jankowski
74%
1987 Roman Jankowski
74%
1988 Roman Jankowski
74%
1991 Roman Jankowski
74%
1992 Roman Jankowski
74%
1993 Roman Jankowski
74%
1994 Roman Jankowski
74%
1995 Roman Jankowski
74%
1996 Roman Jankowski
74%
1997 Roman Jankowski
74%
1998 Roman Jankowski
74%
2008 Jarosław Hampel
62%
2010 Jarosław Hampel
62%
2011 Jarosław Hampel
62%
2021 Jason Doyle
62%
2014 Nicki Pedersen
62%
2015 Nicki Pedersen
62%
2017 Emil Sayfutdinov
46%
2018 Emil Sayfutdinov
46%
2019 Emil Sayfutdinov
46%
2020 Emil Sayfutdinov
46%
1989 Zenon Kasprzak
41%
1990 Zenon Kasprzak
41%
2003 Rafał Dobrucki
26%
2013 Kenneth Bjerre
23%
2002 Sebastian Ułamek
8%
1983 Włodzimierz Heliński
3%
Nie znaleziono quizów pasujących do podanych kryteriów
Rozkład punktacji
Procent ludzi z każdym wynikiem
Percentyl według liczby udzielonych odpowiedzi
Twoja historia wyników
Nie rozwiązałeś tego quizu